000 00739nam a2200265Ia 4500
003 OSt
005 20220918222012.0
006 a|||||r|||| 00| 0
007 ta
008 220917b |||||||| |||| 00| 0 eng d
024 _a214,250
037 _cTextual
040 _aARTS
_cARTS
_beng
041 _2eng
_aeng
082 _aO111,3M54,1, M8
100 _aWilde Oscar
245 0 _aPicture of Dorian Gray
260 _aNew York
_bW.W.Norton & co.
_c1988
300 _axiii, 462 p
_ccm.
490 _aA norton critical edition
650 _aENGLISH LITERATURE
700 _a Lawler Donald L. Ed.
_9141948
942 _hO111,3M54,1, M8
_cTEXL
_2CC
999 _c274273
_d274273